000 00600nam a2200229Ia 4500
003 OSt
005 20220918201225.0
006 a|||||r|||| 00| 0
007 ta
008 220917b |||||||| |||| 00| 0 eng d
024 _a92,479
037 _cTextual
040 _aARTS
_cARTS
_beng
041 _2eng
_aeng
082 _aV:(R), L6
100 _aKarder Lawrence
_997555
245 0 _aDialectic of civil society
260 _aAmsterdam
_bVan Gorcum
_c1976
650 _aHISTORY; PHILOSOPHY
_918519
942 _hV:(R), L6
_cTEXL
_2CC
999 _c216132
_d216132